| 000 | 00699nam a2200217 a 4500 | ||
|---|---|---|---|
| 001 | 000032438 | ||
| 005 | 20250717131055.0 | ||
| 008 | 100331s2012 dr a 001 0 spa d | ||
| 020 | _a9789945006162 | ||
| 040 |
_aDO-SdBNP _bspa _cBNPHU |
||
| 082 |
_a248.4 _bB562m |
||
| 100 | 1 |
_aBetances, Juan _958398 |
|
| 245 | 1 | 0 |
_aA la manera de Dios : _bcómo experimentar el amor de Dios / _cJuan Betances. |
| 260 |
_aSanto Domingo : _bAmigo del Hogar, _c2012. |
||
| 300 |
_a172 p. : _bil. ; _c24 cm. |
||
| 590 | _aInventariado, 2018/BT | ||
| 650 | 4 |
_aEducación cristiana _911641 |
|
| 650 | 4 |
_aEnseñanza bíblica _915358 |
|
| 650 | 0 |
_aEducación religiosa _9682 |
|
| 910 | _aValidado. Control de calidad. EMS | ||
| 999 |
_c31929 _d31929 |
||